000 00841nam0a2200265 i 4500
001 RU\NLR\bibl\1923486
005 20240726010711.0
010 _a9785699260706
_93000
021 _aRU
_b2012-45132
_93320
035 _a(NLR Aleph) 001912918
090 _a3200995
_c3200995
100 _a20120711d2012 u y0rusy50 ca
101 1 _arus
_cfre
102 _aRU
105 _aa |||||||||
200 1 _aЗаколдованный зоопарк
_e[повесть]
_fСерж Брюссоло
_g[пер. с фр. В. Жуковой]
210 _aМосква
_cЭксмо
_d2012
215 _a315 с.
_cил.
_d21
225 1 _aПегги Сью и призраки
700 1 _aБрюссоло
_bС.
_f1951-
_gСерж
_4070
801 0 _aRU
_bNLR
_c20120711
_gRCR
801 1 _aRU
_bNLR
_c20120711
942 _cBOOK
980 _aNBR